Catalog

Record Details

Catalog Search



Available copies

  • 1 of 1 copy available at LARL/NWRL Consortium. (Show)
  • 1 of 1 copy available at Northwest Regional Library.

Current holds

0 current holds with 1 total copy.

Show Only Available Copies
Location Call Number / Copy Notes Barcode Shelving Location Status Due Date
Warroad Public Library 921 BRA (Text) 35500005024813 Main Available -

Record details

  • ISBN: 9780316066303
  • ISBN: 0316066303
  • ISBN: 9780316066310 (pbk)
  • Physical Description: vii, 211 p. ; 22 cm.
  • Edition: 1st ed.
  • Publisher: New York : Little, Brown and Co., 2007.
Subject: Braestrup, Kate.
Authors, American > 20th century > Biography.
Widows > Maine > Biography.
Search and rescue operations > Maine.
LDR 01181cam a22003498a 4500
00179956
003LARL_NWRL_CONSORTIUM
00520070511105603.0
008060725s2007 nyu 000 0aeng
010 . ‡a2006024441
020 . ‡a9780316066303
020 . ‡a0316066303
020 . ‡a9780316066310 (pbk)
035 . ‡a(OCoLC)70775653
040 . ‡aDLC ‡cDLC ‡dBAKER ‡dBTCTA
043 . ‡an-us-me
08200. ‡a813/.54 ‡aB ‡222
1001 . ‡aBraestrup, Kate. ‡0(LARL_NWRL_CONSORTIUM)154082
24510. ‡aHere if you need me : ‡ba memoir / ‡cKate Braestrup.
250 . ‡a1st ed.
260 . ‡aNew York : ‡bLittle, Brown and Co., ‡c2007.
300 . ‡avii, 211 p. ; ‡c22 cm.
60010. ‡aBraestrup, Kate. ‡0(LARL_NWRL_CONSORTIUM)154082
650 0. ‡aAuthors, American ‡y20th century ‡vBiography. ‡0(LARL_NWRL_CONSORTIUM)163260
650 0. ‡aWidows ‡zMaine ‡vBiography.
650 0. ‡aSearch and rescue operations ‡zMaine.
901 . ‡a79956 ‡bOCLC ‡c79956 ‡tbiblio

Additional Resources